000 00460nam a22001697a 4500
005 20251108164403.0
008 250721s1999 xx 000 0 ara d
082 1 4 _a574.87/شكا
100 1 _aشكارة، مكرم ضياء
245 1 0 _aعلم الخلية /
264 1 _aعمان :
_bدار المسيرة للنشر،
_c1999.
300 _a280ص
650 1 7 _aعلم الأحياء
650 1 7 _aالخلايا
942 _2ddc
_cBK
999 _c10914
_d10914